Online katalóg knižníc regiónu Turca

Afrika, moja láska (Record no. 21087)

MARC details
000 -LEADER
fixed length control field 02976cam a2200757 a 4500
001 - CONTROL NUMBER
control field 21087
003 - CONTROL NUMBER IDENTIFIER
control field VRT
005 - DATE AND TIME OF LATEST TRANSACTION
control field 20260212151903.0
008 - FIXED-LENGTH DATA ELEMENTS--GENERAL INFORMATION
fixed length control field 240318s2012 xo o g 000 faslo
015 ## - NATIONAL BIBLIOGRAPHY NUMBER
National bibliography number SNBA2013
020 ## - INTERNATIONAL STANDARD BOOK NUMBER
International Standard Book Number 9788055128603
Qualifying information (viaz.)
035 ## - SYSTEM CONTROL NUMBER
System control number 9D47B708-F42B-4AC0-A7C5-B7BD82884B15
035 ## - SYSTEM CONTROL NUMBER
System control number urn:nbn:sk:snk-amjkqm
035 ## - SYSTEM CONTROL NUMBER
System control number urn:nbn:sk:snk-am001n1t
039 #9 - LEVEL OF BIBLIOGRAPHIC CONTROL AND CODING DETAIL [OBSOLETE]
Level of rules in bibliographic description 202411051520
Level of effort used to assign nonsubject heading access points AUTHORITY
Level of effort used to assign subject headings 202403181956
Level of effort used to assign classification VLOAD
Level of effort used to assign subject headings 202105171318
Level of effort used to assign classification AUTHORITY
Level of effort used to assign subject headings 201508271432
Level of effort used to assign classification VLOAD
040 ## - CATALOGING SOURCE
Original cataloging agency PPPK
Language of cataloging slo
Transcribing agency PPPK
Modifying agency SVKBB
-- SNK
Description conventions AACR2
041 1# - LANGUAGE CODE
Language code of text/sound track or separate title slo
Language code of original ger
043 ## - GEOGRAPHIC AREA CODE
Geographic area code e-sz---
-- f-sx---
-- f-ke---
044 ## - COUNTRY OF PUBLISHING/PRODUCING ENTITY CODE
MARC country code xo
ISO country code SK
072 #7 - SUBJECT CATEGORY CODE
Subject category code 821.112.2-3
Subject category code subdivision Nemecká próza, nemecky písaná
Source konspekt
072 #7 - SUBJECT CATEGORY CODE
Subject category code 929
Subject category code subdivision Biografie
Source konspekt
080 ## - UNIVERSAL DECIMAL CLASSIFICATION NUMBER
Universal Decimal Classification number 821.112.2(494)-32
Edition identifier 2001
080 ## - UNIVERSAL DECIMAL CLASSIFICATION NUMBER
Universal Decimal Classification number 316.346.2-055.2
Edition identifier 2001
080 ## - UNIVERSAL DECIMAL CLASSIFICATION NUMBER
Universal Decimal Classification number 929
Edition identifier 2001
080 ## - UNIVERSAL DECIMAL CLASSIFICATION NUMBER
Universal Decimal Classification number 910.4
Edition identifier 2001
080 ## - UNIVERSAL DECIMAL CLASSIFICATION NUMBER
Universal Decimal Classification number 394
Edition identifier 2001
080 ## - UNIVERSAL DECIMAL CLASSIFICATION NUMBER
Universal Decimal Classification number 316.728
Edition identifier 2001
080 ## - UNIVERSAL DECIMAL CLASSIFICATION NUMBER
Universal Decimal Classification number (=426.521)
Edition identifier 2001
080 ## - UNIVERSAL DECIMAL CLASSIFICATION NUMBER
Universal Decimal Classification number (494)
Edition identifier 2001
080 ## - UNIVERSAL DECIMAL CLASSIFICATION NUMBER
Universal Decimal Classification number (688.1)
Edition identifier 2001
080 ## - UNIVERSAL DECIMAL CLASSIFICATION NUMBER
Universal Decimal Classification number (676.2)
Edition identifier 2001
080 ## - UNIVERSAL DECIMAL CLASSIFICATION NUMBER
Universal Decimal Classification number (0:82-322.6)
Edition identifier 2001
080 ## - UNIVERSAL DECIMAL CLASSIFICATION NUMBER
Universal Decimal Classification number (0:82-321.8)
Edition identifier 2001
100 1# - MAIN ENTRY--PERSONAL NAME
Personal name Hofmann, Corinne,
Dates associated with a name 1960-
Relationship aut
240 10 - UNIFORM TITLE
Uniform title Africa, meine Passion
Language of a work Slovensky
245 10 - TITLE STATEMENT
Title Afrika, moja láska
Remainder of title [skutočný príbeh Európanky]
Statement of responsibility, etc. Corinne Hofmannová ; [z nemeckého originálu preložila Zuzana Guldanová]
260 ## - PUBLICATION, DISTRIBUTION, ETC.
Place of publication, distribution, etc. Bratislava
Name of publisher, distributor, etc. Ikar
Date of publication, distribution, etc. 2012
300 ## - PHYSICAL DESCRIPTION
Extent 188 s., [32] s. fotogr. príl.
Other physical details fotogr.
Dimensions 21 cm
500 ## - GENERAL NOTE
General note Pokračovanie voľnej trilógie Biela Masajka, Návrat z Afriky, Stretnutie v Barsaloi
600 17 - SUBJECT ADDED ENTRY--PERSONAL NAME
Personal name Hofmann, Corinne,
Dates associated with a name 1960-
Source of heading or term SNKMA
650 07 - SUBJECT ADDED ENTRY--TOPICAL TERM
Topical term or geographic name entry element ženy
Geographic subdivision Švajčiarsko
Chronological subdivision 20.-21. stor.
Source of heading or term SNKPH
650 07 - SUBJECT ADDED ENTRY--TOPICAL TERM
Topical term or geographic name entry element cesty a pobyt
Geographic subdivision Namíbia
Chronological subdivision 21. stor.
Source of heading or term SNKPH
650 07 - SUBJECT ADDED ENTRY--TOPICAL TERM
Topical term or geographic name entry element cesty a pobyt
Geographic subdivision Keňa
Chronological subdivision 21. stor.
Source of heading or term SNKPH
650 07 - SUBJECT ADDED ENTRY--TOPICAL TERM
Topical term or geographic name entry element Masajovia
Geographic subdivision Keňa
Source of heading or term SNKPH
650 07 - SUBJECT ADDED ENTRY--TOPICAL TERM
Topical term or geographic name entry element každodenný život
Source of heading or term SNKPH
650 07 - SUBJECT ADDED ENTRY--TOPICAL TERM
Topical term or geographic name entry element Women
Geographic subdivision Switzerland
Chronological subdivision 20th-21st centuries
Source of heading or term SNKPHeng
650 07 - SUBJECT ADDED ENTRY--TOPICAL TERM
Topical term or geographic name entry element Voyages and travels
Geographic subdivision Namibia
Chronological subdivision 21st century
Source of heading or term SNKPHeng
650 07 - SUBJECT ADDED ENTRY--TOPICAL TERM
Topical term or geographic name entry element Voyages and travels
Geographic subdivision Kenya
Chronological subdivision 21st century
Source of heading or term SNKPHeng
650 07 - SUBJECT ADDED ENTRY--TOPICAL TERM
Topical term or geographic name entry element Masai (African people)
Geographic subdivision Kenya
Source of heading or term SNKPHeng
650 07 - SUBJECT ADDED ENTRY--TOPICAL TERM
Topical term or geographic name entry element Everyday life
Source of heading or term SNKPHeng
655 #7 - INDEX TERM--GENRE/FORM
Genre/form data or focus term švajčiarske príbehy (nemecky)
Source of term SNKPH
655 #7 - INDEX TERM--GENRE/FORM
Genre/form data or focus term autobiografické príbehy
Source of term SNKPH
655 #7 - INDEX TERM--GENRE/FORM
Genre/form data or focus term cestopisné príbehy
Source of term SNKPH
655 #7 - INDEX TERM--GENRE/FORM
Genre/form data or focus term Swiss stories (German)
Source of term SNKPHeng
655 #7 - INDEX TERM--GENRE/FORM
Genre/form data or focus term Autobiographical stories
Source of term SNKPHeng
655 #7 - INDEX TERM--GENRE/FORM
Genre/form data or focus term Travel stories
Source of term SNKPHeng
700 1# - ADDED ENTRY--PERSONAL NAME
Personal name Guldanová, Zuzana,
Dates associated with a name 1963-
Relationship trl
942 ## - ADDED ENTRY ELEMENTS (KOHA)
Source of classification or shelving scheme Dewey Decimal Classification
Koha item type Krásna literatúra pre dospelých
Suppress in OPAC No
949 ## - LOCAL PROCESSING INFORMATION (OCLC)
6 273K0554251
a svkpoA 219619
b svkpo567715
949 ## - LOCAL PROCESSING INFORMATION (OCLC)
6 2889185923
a savukM 114088
b savuk2012/2873
949 ## - LOCAL PROCESSING INFORMATION (OCLC)
6 3869A17409
a bpksh821.112.2(494)-32
b bpksh61676
949 ## - LOCAL PROCESSING INFORMATION (OCLC)
6 17A1033705
a snkSC 150793
b snk2012/16149
o 1355/2012
949 ## - LOCAL PROCESSING INFORMATION (OCLC)
6 17A1033706
a snkSC 150793 D1
b snk2012/16150
o 1355/2012
s 6100:20210923
949 ## - LOCAL PROCESSING INFORMATION (OCLC)
6 270001000399543
a svkbbA 135038
b svkbbm 727805
Holdings
Stav vyradenia Strata Poškodenie Spôsob nadobudnutia Domovská knižnica Aktuálna knižnica Dátum nadobudnutia Total checkouts Čiarový kód exemplára Date last seen Typ exemplára
      Dar Obecná knižnica Horná Štubňa Obecná knižnica Horná Štubňa 12.02.2026   9788055128603 12.02.2026 Krásna literatúra pre dospelých
Projekt je podporený Slovenskou asociáciou knižníc
Prevádzkuje Turčianska knižnica Martin 2026